Dessins Animés - Statistiques

Statistiques générales
  • Ce quiz a été pris 114 fois
    11 depuis la dernière actualisation
  • Le résultat moyen est 24 sur 150
Statistiques - réponses
Hint Réponse % Correct
49 Foot2rue
100%
146 Miraculous
100%
46 Angelo la Debrouille
67%
114 Babar
67%
68 Bob l'Eponge
67%
34 Didou
67%
8 Les Winx
67%
58 Maya l'abeille
67%
36 Peppa Pig
67%
35 Samsam
67%
96 Tchoupi
67%
101 Atomic Betty
33%
18 Ben 10
33%
82 Bob le Bricoleur
33%
61 Code Lyoko
33%
60 Corneil et Bernie
33%
91 Dora l'Exploratrice
33%
16 Famille Pirate
33%
1 Garfield
33%
47 Gumball
33%
70 Heidi
33%
89 Il Etait une Fois la Vie
33%
64 Inspecteur Gadget
33%
103 Kim Possible
33%
74 Le Bus Magique
33%
97 Le Dinotrain
33%
80 Le Laboratoire de Dexter
33%
52 Les Barbapapa
33%
48 Les Daltons
33%
69 Les Malheurs de Sophie
33%
6 Les Mystérieuses Cités d'Or
33%
2 Les Ratz
33%
15 Les Totally Spies
33%
147 Les Triplés
33%
44 Les Zinzins de l'Espace
33%
3 Lolirock
33%
21 Lou
33%
39 Magic
33%
84 Manny et ses Outils
33%
86 Marcelino
33%
45 Marsupilami
33%
19 Martin Matin
33%
17 Martin Mystere
33%
42 Mes Parrains sont Magiques
33%
94 My Little Pony
33%
66 Oggy et les Cafards
33%
124 Phineas et Ferb
33%
65 Pokemon
33%
71 Princesse Sarah
33%
76 Princesse Sophia
33%
100 Robocar Poli
33%
83 Sam le Pompier
33%
4 Scoobydoo
33%
14 Shuriken School
33%
77 Tintin
33%
53 Titeuf
33%
31 Tom et Jerry
33%
102 Yakari
33%
57 Zig et Sharko
33%
9 Alien Bazar
0%
88 Allez Raconte
0%
7 Angel's Friends
0%
51 Ariol
0%
119 Arthur
0%
132 Atout 5
0%
93 Baby Looney Tunes
0%
121 Bip Bip Coyotte
0%
126 Bisounours
0%
79 Bonne Nuit les Petits
0%
143 Booba
0%
148 Ca Bulle
0%
145 Caillou
0%
150 Calimero
0%
54 Cedric
0%
128 Charlie et Lola
0%
37 Charlotte aux Fraises
0%
130 Chloé magique
0%
62 Clifford
0%
113 Denver le Dernier Dinosaure
0%
125 Docteur la Peluche
0%
106 Dougie se Déguise
0%
72 Elena d'Avalor
0%
134 Engie Benjy
0%
22 Fifi et ses Floramis
0%
30 Franklin
0%
12 Franny et les Chaussures Magiques
0%
140 George de la Jungle
0%
105 Grabouillon
0%
149 Groove High
0%
25 Hamtaro
0%
112 Horseland
0%
138 Jimmy Neutron
0%
28 Jonnhy Test
0%
92 Kaeloo
0%
26 Kangoo junior
0%
90 Kika et Bob
0%
73 La Famille de la Jungle
0%
139 La fée Coquillette
0%
87 La Maison de Mickey
0%
33 L'Ane Trotro
0%
43 La Panthere rose
0%
99 La Pat'Patrouille
0%
11 L'école Des Petits Vampires
0%
116 Le Flapacha où es tu
0%
104 Le Ranch
0%
115 Le Roi c'est Moi
0%
59 Les Copains de la Foret
0%
5 Les MiniJusticiers
0%
56 Les P'tits Diables
0%
120 Les Pyjamasques
0%
144 Les Razmockets
0%
127 Les Schtroumpfs
0%
55 Les Sisters
0%
75 Les Supernanas
0%
78 Les Teletubbies
0%
107 Les Tortues Ninja
0%
131 Les Voyages de Balthazar
0%
85 L'ile des Defis Extremes
0%
27 Lucie
0%
40 Lucky Luke
0%
38 Magical Doremi
0%
109 Masha et Michka
0%
29 Mila, raconte mille et une histoires
0%
32 Mon Petit Ours Brun
0%
41 Monster Buster Club
0%
98 Monster High
0%
50 Mr Bean
0%
137 Nicolas l'apprenti Père Noël
0%
142 Ni Hao, Kai-Lan
0%
95 Oui Oui
0%
136 Oum le Dauphin Blanc
0%
81 Père Castor
0%
135 Plouf Olly Plouf !
0%
118 Pollux, Le Manège Enchanté
0%
10 Raymond
0%
23 Rolie Polie Olie
0%
111 Sally Bollywood
0%
108 Shaun le Mouton
0%
110 Sherlock Yack
0%
24 Sid, le Petit Scientifique
0%
117 Sourire d'Enfer
0%
123 Souvenirs de Gravity Falls
0%
63 Star Butterfly
0%
133 Super 4
0%
141 Titi et Grosminet
0%
13 Tom Sawyer
0%
20 Toupou
0%
67 Woody Woodpecker
0%
122 Woofy
0%
129 Wow ! Wow ! Wubbzy !
0%
Aucun quiz correspondant
Distribution des résultats
% des personnes avec chaque résultat
Percentile par nombre de réponses
Votre historique - résultats
Vous n’avez pas pris ce quiz depuis la dernière actualisation